[Event "GER-chT U20 Girls"]
[Site "Arendsee"]
[Date "2008.12.30"]
[Round "5.2"]
[White "Farokhpey, Sarah"]
[Black "Stark, Saskia"]
[Result "1/2-1/2"]
[WhiteElo "1612"]
[BlackElo "1855"]
[PlyCount "46"]
[EventDate "2008.12.27"]
[EventType "team-swiss"]
[EventRounds "5"]
[EventCountry "GER"]
[SourceTitle "EXT 2010"]
[Source "ChessBase"]
[SourceDate "2010.11.25"]
[SourceVersion "1"]
[SourceVersionDate "2010.11.25"]
[SourceQuality "1"]
[WhiteTeam "Ergolding U20 Girls"]
[BlackTeam "Dresden Gruen Weiss U20 Girls"]
[WhiteTeamCountry "GER"]
[BlackTeamCountry "GER"]

1. d4 d5 2. Nf3 Nf6 3. e3 Bg4 4. c4 dxc4 5. Bxc4 e6 6. Nbd2 Nbd7 7. 0-0 Be7 8. Qb3 Nb6 9. Bd3 0-0 10. Ne5 Bh5 11. h3 c5 12. dxc5 Bxc5 13. Ne4 Nxe4 14. Bxe4 Qc7 15. Nc4 Bg6 16. Bxg6 hxg6 17. Nxb6 Bxb6 18. Bd2 Rfd8 19. Rac1 Qe5 20. Bc3 Qd5 21. Qxd5 Rxd5 22. Rfd1 Rad8 23. Rxd5 Rxd5 1/2-1/2

[Event "GER-chT U20 Girls"]
[Site "Arendsee"]
[Date "2008.12.27"]
[Round "1.2"]
[White "Weiss, Katharina"]
[Black "Farokhpey, Sarah"]
[Result "1/2-1/2"]
[WhiteElo "1651"]
[BlackElo "1612"]
[PlyCount "78"]
[EventDate "2008.12.27"]
[EventType "team-swiss"]
[EventRounds "5"]
[EventCountry "GER"]
[SourceTitle "EXT 2010"]
[Source "ChessBase"]
[SourceDate "2010.11.25"]
[SourceVersion "1"]
[SourceVersionDate "2010.11.25"]
[SourceQuality "1"]
[WhiteTeam "Hettstedt U20 Girls"]
[BlackTeam "Ergolding U20 Girls"]
[WhiteTeamCountry "GER"]
[BlackTeamCountry "GER"]

1. e4 e6 2. f4 d5 3. e5 c5 4. Nf3 Nc6 5. c3 Nge7 6. Na3 a6 7. Nc2 Qb6 8. Be2 Ng6 9. d3 Be7 10. 0-0 0-0 11. Kh1 f6 12. d4 fxe5 13. fxe5 Bd7 14. g3 c4 15. Ne3 Qc7 16. Qc2 Nd8 17. Bd2 Nf7 18. Ng2 Qd8 19. h4 Qc7 20. h5 Ngh8 21. Nf4 Qd8 22. Nh3 Be8 23. Rg1 h6 24. Qc1 b5 25. g4 Qd7 26. g5 hxg5 27. Nfxg5 Nxg5 28. Nxg5 Nf7 29. Bg4 Nxg5 30. Bxg5 Bxg5 31. Qxg5 Ra7 32. h6 Rf7 33. Raf1 Rxf1 34. Rxf1 Qe7 35. Qxg7+ Qxg7 36. hxg7 Re7 37. Rf6 Bf7 38. Kg2 Kxg7 39. Kf3 Re8 1/2-1/2

[Event "GER-ch U18 Girls"]
[Site "Willingen"]
[Date "2008.05.16"]
[Round "8"]
[White "Breitwieser, Jasmin"]
[Black "Farokhpey, Sarah"]
[Result "0-1"]
[WhiteElo "1506"]
[BlackElo "1483"]
[PlyCount "94"]
[EventDate "2008.05.11"]
[EventType "swiss"]
[EventRounds "9"]
[EventCountry "GER"]
[SourceTitle "CBM 124 Extra"]
[Source "ChessBase"]
[SourceDate "2008.07.03"]
[SourceVersion "1"]
[SourceVersionDate "2008.07.03"]
[SourceQuality "1"]

1. e4 e6 2. Nf3 d5 3. Nc3 Nf6 4. e5 Nfd7 5. d4 c5 6. dxc5 Nc6 7. Bf4 a6 8. Bd3 Qc7 9. Qe2 Nxc5 10. 0-0 Nxd3 11. cxd3 Bc5 12. Rac1 Ba7 13. Rfd1 Bd7 14. d4 0-0 15. Qe3 Qa5 16. Bg5 Rfe8 17. a3 Ne7 18. h4 Nf5 19. Qd3 h6 20. Bf4 Qd8 21. h5 Nh4 22. Nh2 Nf5 23. g4 Nxd4 24. Qg3 Rc8 25. Re1 Bc5 26. g5 hxg5 27. Bxg5 Be7 28. Bd2 Nb3 29. h6 g6 30. Rcd1 Nxd2 31. Rxd2 Bg5 32. Rd4 Bxh6 33. Rh4 Bg7 34. Ng4 Rc4 35. Kg2 Kf8 36. Rh7 Qg5 37. f3 Rec8 38. Reh1 Qd2+ 39. Nf2 Qf4 40. Qxf4 Rxf4 41. Ng4 Rf5 42. Re1 Bc6 43. Ne2 Rd8 44. Ng3 Rf4 45. Ne2 Rc4 46. Ne3 Rc5 47. b4 Rb5 0-1

[Event "Niederbayern-ch MK 48th"]
[Site "Ortenburg"]
[Date "2007.??.??"]
[Round "1"]
[White "Kreilinger, Erich"]
[Black "Farokhpey, Sarah"]
[Result "1-0"]
[WhiteElo "1856"]
[BlackElo "1300"]
[PlyCount "55"]
[EventDate "2007.??.??"]
[EventType "swiss"]
[EventRounds "9"]
[EventCountry "GER"]
[SourceTitle "EXT 2010"]
[Source "ChessBase"]
[SourceDate "2010.11.25"]
[SourceVersion "1"]
[SourceVersionDate "2010.11.25"]
[SourceQuality "1"]

1. d4 e6 2. Nf3 d5 3. e3 c5 4. c4 Nf6 5. Nc3 cxd4 6. exd4 Bb4 7. Qa4+ Nc6 8. Ne5 Bxc3+ 9. bxc3 Bd7 10. Nxd7 Qxd7 11. Ba3 a6 12. Be2 Ne4 13. Rc1 Ne7 14. Qb4 a5 15. Qb5 Qc6 16. f3 Nf6 17. Rb1 Qxb5 18. Rxb5 Rc8 19. Rxb7 Nd7 20. 0-0 dxc4 21. Bd1 Nd5 22. Ba4 N5f6 23. Re1 Kd8 24. Bd6 Ra8 25. Bb5 Rc8 26. a4 h6 27. Ra7 Nb6 28. Be7# 1-0